Statistics for Every European Country's name in their native language - Map Quiz

Click here to take the quiz!

General Stats

  • This quiz has been taken 92 times
  • The average score is 40 of 46

Answers on the Map

Answers color-coded by a green-red scale on the quiz's map according to % correct below.
 

Answer Stats

Answer% Correct
Deutschland
97%
Espana
94%
Andorra
92%
Bosnia
92%
Bulgaria
92%
Danmark
92%
Eesti
92%
Eire
92%
France
92%
Italia
92%
Bielarus
90%
Ceska Republika
90%
Belgie
89%
Ellada
89%
Latvja
89%
Lietuva
89%
Portugal
89%
Rossiya
89%
Island
87%
Kosovo
87%
Liechtenstein
87%
Luxembourg
87%
Moldova
87%
Polska
87%
San Marino
87%
Suomi
87%
Sverige
87%
Kypros
86%
Magyarország
86%
Malta
86%
Munegu
86%
nederland
86%
Norge
86%
Osterreich
86%
romanei
86%
Slovensko
86%
Srbja
86%
UK
86%
Hervetska
84%
Makedonja
84%
Schweiz
84%
Slovenja
84%
Turkiye
84%
Ucraina
84%
Shqiperia
81%
Vaticano
73%

Score Distribution

Percentile by Number Answered

Percent of People with Each Score

Your Score History

You have not taken this quiz